logo

Bir Sreshtho Munshi Abdur Rouf Library
Jhenaidah Cadet College

Voice and Verse: (Record no. 9897)

MARC details
000 -LEADER
fixed length control field 00569nam a2200205 a 4500
001 - CONTROL NUMBER
JCCL Control Number 9897
003 - CONTROL NUMBER IDENTIFIER
JCCL marc code BD-JhCC
005 - DATE AND TIME OF LATEST TRANSACTION
control field 20231113115942.0
008 - FIXED-LENGTH DATA ELEMENTS--GENERAL INFORMATION
fixed length control field 180403s1953 e |||| || | 000 0 eng d
035 ## - SYSTEM CONTROL NUMBER
system control number (BD-JhCC)9897
040 ## - CATALOGING SOURCE
Original cataloging agency BD-JhCC
Modifying agency BD-JhCC
041 ## - LANGUAGE CODE
Language code of Book eng
082 ## - DEWEY DECIMAL CLASSIFICATION NUMBER
Author mark and Year FIS 1952
100 ## - MAIN ENTRY--PERSONAL NAME
Personal name Fisher, A. S. T.
245 ## - TITLE STATEMENT
Title Voice and Verse:
Remainder of title An anthology in three parts for community-speaking in schools /
Statement of responsibility, etc A. S. T.Fisher.
260 ## - PUBLICATION, DISTRIBUTION, ETC. (IMPRINT)
Place of publication, distribution, etc London :
Name of publisher, distributor, etc Cambridge University Press,
Date of publication, distribution, etc 1952
300 ## - PHYSICAL DESCRIPTION
Pagination 86 p. :
Dimensions 18 cm.
942 ## - ADDED ENTRY ELEMENTS (KOHA)
Source of classification or shelving scheme Dewey Decimal Classification
Koha item type Books
Holdings
Source of classification or shelving scheme Damaged status Not for loan Home library Current library Shelving location Date of accession Full call number Barcode Date last seen Copy number Koha item type
Dewey Decimal Classification     JCC Rouf Library JCC Rouf Library General Stacks 04/03/2018 808.55 FIS 1952 9118 04/03/2018 C-1 Books

JCC Library | Contacts | JCC Home

Last Update on 23 September 2017
Copyright @ 2017-2020 JCC Rouf Library
Rouf Library, Jhenidah Cadet College (JCC), Bangladesh